000 01099cam a2200253 i 4500
003 SA-RiAUC
005 20260107113304.0
008 251125s1982 le g 000 0 ara c
040 _aJO-AmJU
_bara
_cSA-RiAUC
_erda
082 0 4 _a189.1
090 _a189.1
_bا ب و ب
100 1 _aأبو بكر الرازي، محمد بن زكريا،
_d251-313 هجري
_eمؤلف.
245 1 0 _aرسائل فلسفية /
_cأبو بكر محمد بن زكريا الرازي ؛ تحقيق لجنة إحياء التراث العربي بدار الآفاق الجديدة.
250 _aالطبعة الخامسة.
264 1 _aبيروت :
_bدار الآفاق الجديدة،
_c1982
300 _a316 صفحة؛
_c24 سم.
336 _aنص
_btxt
_2rdacontent
_3كتاب
337 _aبدون وسيط
_bn
_2rdamedia
338 _aمجلد
_bnc
_2rdacarrier
650 7 _aالفلسفة الإسلامية
_2aucsh
710 2 _aدار الآفاق الجديدة.
_bلجنة إحياء التراث العربي
_eمحقق.
942 _2ddc
_cBOOK
_n0
949 _aSA-JeALM
_d251125
_umohamedma123
_n1
999 _c13940
_d13940